[Event "III Torneo Cerrado IRT Maspalo"]
[Site "San Bartolomé de Tirajana (Gra"]
[Date "2010.10.30"]
[Round "11"]
[White "Monteiro Rodrigues, Carlos"]
[Black "Marrero Cardenes, Agustin"]
[Result "0-1"]
[WhiteElo "1665"]
[BlackElo "1787"]
[PlyCount "76"]
[EventDate "2010.10.15"]
[EventRounds "11"]
[EventCountry "ESP"]

1. e4 c6 2. d4 d5 3. Nc3 dxe4 4. Nxe4 Nf6 5. Nxf6+ exf6 6. c3 Bd6 7. Bd3 Be6 8.
Ne2 Qc7 9. Ng3 O-O 10. O-O c5 11. f4 cxd4 12. Qh5 g6 13. Qh4 f5 14. Bxf5 Be7
15. Qh6 Bxf5 16. Nxf5 gxf5 17. Rf3 f6 18. Rg3+ Kf7 19. Qxh7+ Ke8 20. cxd4 Nc6
21. Be3 Qd7 22. Re1 Kd8 23. Bf2 Re8 24. Rg7 Rc8 25. a3 Nxd4 26. Rg8 Ne2+ 27.
Kh1 Rc1 28. Rxe8+ Qxe8 29. Rxc1 Nxc1 30. Bxa7 Qb5 31. Qg8+ Kd7 32. Qh7 Qf1+ 33.
Bg1 Qxf4 34. Qf7 Qe4 35. Qh5 Ne2 36. h3 Nxg1 37. Qd1+ Bd6 38. Kxg1 Ke7 0-1